RWBY A-Z - Statistics

General Stats
  • This quiz has been taken 44 times
  • The average score is 23 of 26
Answer Stats
Hint Answer % Correct
G Female teacher at Beacon Academy Glynda Goodwitch
100%
S Color of Ruby's eyes Silver
100%
O Teacher who's had too much coffee Bartholomew Oobleck
97%
I Headmaster of Atlas Academy James Ironwood
97%
Q Ruby and Yang's uncle Qrow Branwen
97%
R Type of Faunus that Velvet is Rabbit
97%
U Bear Grimm Ursa
97%
W Terrorist organization made up of Faunus White Fang
97%
Z Dog Zwei
97%
J The being inside the Relic of Knowledge Jinn
94%
M Where most of the Faunus live Menagerie
94%
P What Ruby turns into when she uses her Semblance Petals
94%
V Kingdom where Shade Academy is located Vacuo
94%
X Yang's last names Xiao Long
94%
C Ruby's weapon Crescent Rose
92%
H Robyn Hill and company Happy Huntresses
92%
K Blake's mom Kali Belladonna
92%
T Flynt Coal's weapon Trumpet
89%
F Sheep Faunus in Atlas Fiona Thyme
86%
Y The Y in CFVY Yatsuhashi Daichi
86%
A Ilia's last name Amitola
81%
E Forest outside Beacon Academy Emerald Forest
81%
B Grimm Weiss fights in Port's class Boarbatusk
75%
D Scorpion-like Grimm Deathstalker
75%
N Team that fought SSSN in the Vytal Festival Tournament NDGO
75%
L News anchor in Vale Lisa Lavender
72%
No matching quizzes found
Score Distribution
Percent of People with Each Score
Percentile by Number Answered
Your Score History
You have not taken this quiz